000 00752nam a22001577a 4500
003 OSt
005 20160225102945.0
008 160225b xxu||||| |||| 00| 0 eng d
040 _cRUA
082 _aAGR PHU 2014 B432 Or.1
100 _97464
_aPHUN RATANA ; ភុន រតនា
245 _aEffect of different nutrient solution rate on the growth of cherry tomato grown by using fertigation system , ឥទ្ធិពលនៃបរិមាណសូលុយស្យុងជីខុសគ្នាទៅលើការលូតលាស់ដំណាំប៉េងប៉ោះ CHERRY ដំាតាមប្រព័ន្ធដំណក់ជី
260 _aPhnom Penh
_bRUA
_c2014
300 _ax ; 54p.
_bill.
_c29cm.
942 _2ddc
_cAGR
999 _c7052
_d7052